Battlefields given new protection (Record no. 81735)

MARC details
000 -LEADER
fixed length control field 01075cad a22002055a 4500
001 - CONTROL NUMBER
control field E148114
008 - FIXED-LENGTH DATA ELEMENTS--GENERAL INFORMATION
fixed length control field 090730e20090727xxk 000 0 eng d
035 ## - SYSTEM CONTROL NUMBER
System control number (Sirsi) u148114
041 0# - LANGUAGE CODE
Language code of text/sound track or separate title eng
110 2# - MAIN ENTRY--CORPORATE NAME
Corporate name or jurisdiction name as entry element Historic Scotland
9 (RLIN) 2914
245 00 - TITLE STATEMENT
Title Battlefields given new protection
Medium [electronic resource]
260 ## - PUBLICATION, DISTRIBUTION, ETC.
Date of publication, distribution, etc. 2009
490 ## - SERIES STATEMENT
Series statement Historic Scotland News Release
Volume/sequential designation 27 July 2009
520 ## - SUMMARY, ETC.
Summary, etc. An inventory of Scotland's historic battlefield sites is to be drawn up, based on research done by the Battlefields Trust. Once the inventory has been completed, in 2011, local authorities will need to take into account the qualities and character of the sites on the inventory when considering planning applications which might affect them.
590 ## - LOCAL NOTE (RLIN)
Local note KA
651 #4 - SUBJECT ADDED ENTRY--GEOGRAPHIC NAME
Geographic name Scotland
Chronological subdivision 1999-
690 ## - LOCAL SUBJECT ADDED ENTRY--TOPICAL TERM (OCLC, RLIN)
Topical term or geographic name as entry element BUILT ENVIRONMENT-BUILDING TYPES-ANCIENT MONUMENTS AND HISTORIC BUILDINGS
856 40 - ELECTRONIC LOCATION AND ACCESS
Uniform Resource Identifier <a href="https://www.historic-scotland.gov.uk/news_search_results.htm/news_article.htm?articleid=24573">https://www.historic-scotland.gov.uk/news_search_results.htm/news_article.htm?articleid=24573</a>
Public note View the news release free of charge at www.historic-scotland.gov.uk...
942 ## - ADDED ENTRY ELEMENTS (KOHA)
Suppress in OPAC 0
Holdings
Withdrawn status Lost status Source of classification or shelving scheme Damaged status Not for loan Home library Current library Shelving location Date acquired Total Checkouts Full call number Barcode Date last seen Copy number Price effective from Koha item type
    Dewey Decimal Classification     Virtual Virtual Online 30/07/2009   ONLINE PUBLICATION 148114-2001 06/08/2019 1 06/08/2019 Journal article